Formel 1 Saisonauftakte - Statistiken

Allgemein
  • Dieses Quiz wurde 53 mal gespielt
  • Das Durchschnittsergebnis liegt bei 64 aus 77
Antwortstatistiken
Jahr Rennen % Korrekt
2026 Australien
100%
2025 Australien
100%
2019 Australien
100%
2018 Australien
100%
2017 Australien
100%
2016 Australien
100%
2015 Australien
100%
2014 Australien
100%
2013 Australien
100%
2012 Australien
100%
2011 Australien
100%
2009 Australien
100%
2008 Australien
100%
2007 Australien
100%
2005 Australien
100%
2004 Australien
100%
2003 Australien
100%
2002 Australien
100%
2001 Australien
100%
2000 Australien
100%
1999 Australien
100%
1998 Australien
100%
1997 Australien
100%
1996 Australien
100%
1991 USA
93%
1990 USA
93%
1981 USA
93%
2024 Bahrain
88%
2023 Bahrain
88%
2022 Bahrain
88%
2021 Bahrain
88%
2010 Bahrain
88%
2006 Bahrain
88%
1995 Brasilien
86%
1994 Brasilien
86%
1989 Brasilien
86%
1988 Brasilien
86%
1987 Brasilien
86%
1986 Brasilien
86%
1985 Brasilien
86%
1984 Brasilien
86%
1983 Brasilien
86%
1976 Brasilien
86%
1950 Vereinigtes Königreich
84%
2020 Österreich
81%
1980 Argentinien
70%
1979 Argentinien
70%
1978 Argentinien
70%
1977 Argentinien
70%
1975 Argentinien
70%
1974 Argentinien
70%
1973 Argentinien
70%
1972 Argentinien
70%
1960 Argentinien
70%
1958 Argentinien
70%
1957 Argentinien
70%
1956 Argentinien
70%
1955 Argentinien
70%
1954 Argentinien
70%
1953 Argentinien
70%
1962 Niederlande
70%
1966 Monaco
65%
1964 Monaco
65%
1963 Monaco
65%
1961 Monaco
65%
1959 Monaco
65%
1993 Südafrika
65%
1992 Südafrika
65%
1982 Südafrika
65%
1971 Südafrika
65%
1970 Südafrika
65%
1969 Südafrika
65%
1968 Südafrika
65%
1967 Südafrika
65%
1965 Südafrika
65%
1952 Schweiz
53%
1951 Schweiz
53%
Keine übereinstimmenden Quizze gefunden
Verteilung der Resultate
Anzahl Personen mit jedem Resultat
Perzentil nach korrekt beantworteten Fragen
Ihre Resultats-Entwicklung
Sie haben dieses Quiz noch nicht gespielt